| 000 | 00542nam a2200181Ia 4500 | ||
|---|---|---|---|
| 003 | IN-BaIIA | ||
| 008 | 211028s9999 xx 000 0 eng d | ||
| 020 | _a0-12-160050-5 | ||
| 040 | _cIIA Library | ||
| 080 |
_a535.8 _bCAR |
||
| 100 |
_aCarlson, F Paul _910676 |
||
| 245 | 0 |
_aIntroduction to applied optics for engineers _cF Paul Carlson |
|
| 260 |
_aNew York _bAcademic Press _c1977 |
||
| 300 | _axii, 277p. | ||
| 650 | _aAstronomy and astrophysics thesaurus | ||
| 650 | _aOptics | ||
| 942 | _cBK | ||
| 999 |
_c6199 _d6199 |
||